[Event "EU-Cup 22nd"]
[Site "Fuegen"]
[Date "2006.10.11"]
[Round "4.3"]
[White "Navara, David"]
[Black "Pelletier, Yannick"]
[Result "1/2-1/2"]
[WhiteElo "2725"]
[BlackElo "2588"]
[Annotator "Pelletier,Y"]
[PlyCount "68"]
[EventDate "2006.10.08"]
[EventType "team-swiss"]
[EventRounds "7"]
[EventCountry "AUT"]
[SourceTitle "CBM 115"]
[Source "ChessBase"]
[SourceDate "2006.11.15"]
[SourceVersion "1"]
[SourceVersionDate "2006.11.15"]
[SourceQuality "1"]
[WhiteTeam "Cheboksary"]
[BlackTeam "Clichy Echecs 92"]
[WhiteTeamCountry "RUS"]
[BlackTeamCountry "FRA"]

1. d4 Nf6 2. c4 e6 3. Nc3 Bb4 4. Qc2 O-O 5. a3 Bxc3+ 6. Qxc3 b6 7. Bg5 Bb7 8.
e3 d6 9. Ne2 Nbd7 10. Qd3 {Diese Variante gilt bekannterweise als harmlos.
Zwar habe ich mal in einer Partie 10...a5 riskiert, aber für diesen wichtigen
Wettkampf gegen die Russen von Elara Cheboksary war eher Vorsicht angesagt.}
Ba6 11. Nc3 d5 12. Qc2 Bxc4 13. Bxc4 dxc4 14. Qa4 c5 15. Rd1 Qc8 {Von Hracek
2005 gegen Roiz in die Praxis eingeführt. Schwarz soll mit dem Abtausch auf d4
besser warten, damit Weiß seine Türme nicht zu aktiv einsetzen kann.} 16. O-O (
16. Qxc4 cxd4 {erst jetzt, wo Damentausch "droht")} 17. Qxd4 Qa6 18. Qd3 Qxd3
19. Rxd3 Ne5 20. Rd4 Rfc8 $11 {Roiz-Hracek, EuCup St. Vincent 2005}) 16... Nd5
$5 (16... Qb7 17. Qxc4 Rfc8 18. Qe2 c4 19. e4 b5 20. f4 {geschah in
Golod-Alekseev, Biel Open 2006. Weiß erhielt nach meinem Geschmack zuviel
Aktivität im Zentrum.}) 17. Qxc4 Nxc3 18. Qxc3 Qb7 ({Nach} 18... cxd4 $6 19.
Qxd4 {verfügt der Springer über kein sicheres Feld, da} Nc5 {wegen} 20. b4 {
unbequem ist.}) 19. f3 h6 20. Bh4 Rfc8 21. e4 cxd4 22. Qxd4 Nf8 23. Rd2 ({
In Betracht kam auch} 23. Be1 {, auch wenn Schwarz nach} Rc7 24. Bc3 f6 {
[%csl Rf4][%cal Gc7d7,Ga8d8,Rf8e6,Re6e5] kaum Probleme haben sollte.}) 23...
Rc7 24. Rfd1 Rac8 (24... Rd7 25. Qe3 Rxd2 26. Qxd2 {ist weniger genau, aber
vermutlich immer noch im grünen Bereich.}) 25. Bg3 Rc4 26. Qe3 Rc1 27. h4 ({
Dies gibt Schwarz die Chance, direktes Gegenspiel auf diesen Bauern zu starten,
was wohl das Remis erzwingen wird. Aber auch} 27. h3 Rxd1+ 28. Rxd1 {kann den
Nachziehenden nicht wirklich unter Druck setzen.}) 27... Rxd1+ 28. Rxd1 Qe7 29.
Qd4 Ng6 $1 30. h5 ({Zwar bedroht Schwarz den Bauern h4 wegen Qd7 (und Übergang
in ein günstiges Endspiel) nicht. Aber es fällt schwer, einen konstruktiven
Plan vorzuschlagen. Das direkte} 30. Qd7 $2 {scheitert hier übrigens an} Rc1 $1
) 30... Nf8 31. Qe3 (31. Bf4 Qh4) 31... Qe8 $5 {Mit den Absichten f6, oder
Zugwiederholung mittels 32...Rd8 33.Rc1 Rc8.} 32. Qb3 f6 33. Bd6 Rd8 34. Bxf8
Rxd1+ 1/2-1/2

[Event "EU-Cup 24th"]
[Site "Kallithea"]
[Date "2008.10.18"]
[Round "2"]
[White "Fridman, Daniel"]
[Black "Pelletier, Yannick"]
[Result "1/2-1/2"]
[WhiteElo "2630"]
[BlackElo "2557"]
[Annotator "Pelletier,Y"]
[PlyCount "54"]
[EventDate "2008.10.17"]
[EventType "team-swiss"]
[EventRounds "7"]
[EventCountry "GRE"]
[SourceTitle "CBM 128"]
[Source "ChessBase"]
[SourceDate "2009.01.28"]
[SourceVersion "1"]
[SourceVersionDate "2009.01.28"]
[SourceQuality "1"]
[WhiteTeam "Muelheim Nord"]
[BlackTeam "Clichy Echecs 92"]
[WhiteTeamCountry "GER"]
[BlackTeamCountry "FRA"]

1. d4 Nf6 2. c4 e6 3. Nc3 Bb4 4. Qc2 d5 5. a3 Bxc3+ 6. Qxc3 dxc4 7. Qxc4 b6 8.
Nf3 O-O 9. g3 Bb7 {Es scheint mir besser, den Läufer dort zu entwickeln als
auf a6.} 10. Bg2 Nbd7 11. O-O Bd5 12. Qc2 ({Die Dame ist exponiert auf der
c-Linie, aber Schwarz hat auch nach} 12. Qa4 c5 {kaum Schwierigkeiten.}) 12...
c5 13. dxc5 $6 ({Dieser Zug hilft der Weiterentwicklung der schwarzen Kräfte.
Besser sieht} 13. Bg5 Rc8 $11 {aus , wie in S.Ivanov-Beliavsky, Vrnjacka Banja
1999}) 13... Nxc5 14. Bf4 Rc8 15. Rad1 Qe7 ({Als Alternative zu diesem
logischen Zug gibt es auch} 15... Qe8 $5 16. Qb1 Qa4 17. Rd4 Qa6 $11) 16. Qb1 (
16. b4 Bb3 17. Bd6 Bxc2 18. Bxe7 Bxd1 19. Rxd1 Nce4 20. Bxf8 Kxf8 $11) 16...
Rfd8 17. Be5 (17. Ne5 Bxg2 18. Rxd8+ Rxd8 19. Kxg2 Nd5 $36) 17... h6 (17...
Nfe4 18. Nd4 f6 19. Bf4 Qe8 $132) 18. Rfe1 (18. b4 Na4 $11) 18... a5 19. b4
Nce4 20. Qb2 axb4 21. axb4 $6 ({Der Damentausch war der sicherste Weg, um den
Ausgleich zu sichern:} 21. Qxb4 Qxb4 22. axb4 Nd7 23. Ba1 Rc4 $11) 21... Rc4
22. Bxf6 ({Nach} 22. Rd4 Rdc8 (22... Ra8 23. Rxc4 Bxc4 24. Bxf6 Qxf6 25. Qxf6
Nxf6 26. Ne5 Bd5 $11) 23. Rxc4 Rxc4 24. Rb1 b5 {steht Schwarz zwar aktiver,
aber viel ist natürlich noch nicht passiert.}) 22... Qxf6 ({Schwarz gewinnt
nach} 22... gxf6 23. Rd4 Rdc8 24. Rxc4 Rxc4 {einen Bauern, aber Weiß rettet
sich mittels} 25. Rb1 Nc3 26. Nd2 $1 Nxb1 27. Nxc4 Bxc4 28. Qxb1 Bxe2 29. Qe4
Bb5 30. Qg4+ Kf8 31. Qf4) 23. Qxf6 gxf6 24. Nd2 Rd4 25. Nxe4 Bxe4 26. Rxd4 Rxd4
27. e3 Rxb4 $6 ({Hier hätte Schwarz seinen Gegner im Turmendspiel länger
quälen können:} 27... Rc4 28. Bxe4 Rxe4 29. Rb1 b5 {Obwohl die weißen Kräfte
passiv sind, wird Schwarz kaum gewinnen können, z.B:} 30. Rb2 Kf8 31. Kf1 Ke7
32. Ke2 Rc4 33. Kd3 f5 34. f3 Kd6 35. h3 $11) 1/2-1/2

[Event "EU-chT (Men) 11th"]
[Site "Pula"]
[Date "1997.05.??"]
[Round "1.2"]
[White "Sokolov, Ivan"]
[Black "Arlandi, Ennio"]
[Result "0-1"]
[WhiteElo "2615"]
[BlackElo "2470"]
[Annotator "Petursson,M"]
[PlyCount "74"]
[EventDate "1997.05.05"]
[EventType "team-swiss"]
[EventRounds "9"]
[EventCountry "CRO"]
[SourceTitle "CBM 057 Extra"]
[Source "ChessBase"]
[SourceDate "1997.05.01"]
[SourceVersion "1"]
[SourceVersionDate "1997.05.01"]
[SourceQuality "1"]
[WhiteTeam "Bosnia&Herzegovina"]
[BlackTeam "Italy"]
[WhiteTeamCountry "BIH"]
[BlackTeamCountry "ITA"]

1. d4 Nf6 2. c4 e6 3. Nc3 Bb4 4. Qc2 O-O 5. Nf3 c5 6. dxc5 Na6 7. Bg5 Nxc5 8.
Nd2 {With this rather artificial idea, I. Sokolov was successful against Ribli
at the Manila Olympiad in 1992.} h6 9. Bh4 d5 10. cxd5 g5 $1 11. Bg3 exd5 12.
a3 Bxc3 13. Qxc3 Ne6 (13... b6 {I. Sokolov-Ribli, Manila ol. 1992.}) 14. Be5
Ng4 15. Bd4 {White is trying to keep positional control, but he is too far
behind in development.} Bd7 16. Nf3 Rc8 17. Qd3 Nc5 18. Bxc5 Rxc5 19. h3 (19.
h4 $5 Qc8 $1) 19... Nf6 20. Nd4 Ne4 $1 $15 21. e3 Qf6 22. f3 Ng3 23. Rg1 Re8
24. Kf2 {[%tqu "En","Can you find the clearest winning route for Black here?",
"Whites' knight on d4 is holding his position together. You must remove it!",
"Offer to exchange knights","g3f5","",12,"g3e4","",0]} Nf5 $1 (24... Ne4+ $5
25. Ke1 Nd6 $1 {and next move Nd6-c4 with a winning game}) 25. Re1 Nxd4 26.
exd4 (26. Qxd4 Qxd4 27. exd4 Rc2+ 28. Re2 Rexe2+ 29. Bxe2 Bb5 30. Re1 Rxb2 $19)
{[%tqu "En","Can you find a clear win for Black in this position?","Do not
allow him to reduce the pressure by exchanging rooks on the e file","Can you
give him a check with your rook?","c5c2","GREAT! you found it!  Ivan the
terrible is really shaking his head now!",18]} 26... Rc2+ $1 $19 27. Re2 (27.
Qxc2 Qxd4+ 28. Kg3 Rxe1 29. Kh2 Bb5 30. Bxb5 Qxg1+ 31. Kg3 h5 $19) 27... Bf5 $1
(27... Bb5 $5 28. Qxc2 Qxd4+ 29. Kg3 Bxe2 30. Kh2 Qf4+ 31. Kh1 Qc4 $19) 28.
Qxc2 Qxd4+ 29. Kg3 Bxc2 30. Rxe8+ Kg7 31. Kh2 Qxb2 32. Re7 a5 33. g3 Qxa3 34.
Rxb7 a4 35. Bb5 Qe3 36. Rg2 Bd1 37. f4 Bf3 0-1

[Event "Karpov-Piket Match"]
[Site "Monte Carlo"]
[Date "1999.02.23"]
[Round "3"]
[White "Piket, Jeroen"]
[Black "Karpov, Anatoly"]
[Result "1/2-1/2"]
[WhiteElo "2615"]
[BlackElo "2710"]
[Annotator "Piket,L"]
[PlyCount "103"]
[EventDate "1999.02.21"]
[EventType "match"]
[EventRounds "8"]
[EventCountry "MNC"]
[SourceTitle "CBM 070"]
[Source "ChessBase"]
[SourceDate "1999.06.08"]
[SourceVersion "1"]
[SourceVersionDate "1999.06.08"]
[SourceQuality "1"]

1. d4 Nf6 2. c4 e6 3. Nc3 Bb4 4. Qc2 O-O 5. a3 Bxc3+ 6. Qxc3 b6 7. Bg5 Bb7 8.
f3 d5 {8...h6 9. Bh4 d5 Piket - karpov Monaco'99 match [5]} 9. e3 Nbd7 10. cxd5
exd5 11. Bd3 Re8 12. Ne2 h6 13. Bh4 c5 14. O-O Qe7 15. Bf2 a5 $5 (15... Rac8
16. Qd2 (16. Rad1 $5) 16... Bc6 17. Nc3 Nf8 18. Rfe1 Ne6 19. Bh4 {
Kasparov-Timman Linares'93}) 16. b4 $1 (16. a4 $5) (16. Rae1 c4 17. Bb1 b5 18.
Ng3 b4 19. axb4 axb4 20. Qd2 Ba6 21. Nf5 Qf8) (16. Rad1 c4 17. Bb1 b5 18. Ng3
b4 19. axb4 axb4 20. Qd2 (20. Qc2) 20... Ba6 $6 21. Rfe1) 16... axb4 (16...
cxb4 17. axb4 Rec8 $5 18. Qb2 Qxb4 19. Qxb4 axb4 20. Rxa8 Rxa8 21. Rb1 Ra3 22.
Nc1 $16) 17. axb4 c4 $5 (17... cxb4 18. Qc7 $1 Rab8 19. Ng3 Rec8 20. Qf4 $1 $36
) 18. Bc2 b5 19. Qb2 $1 (19. g4 Nb6) (19. Ng3 Nb6) 19... Bc6 20. Nc3 Nb6 21.
Ra5 $1 Na4 $1 (21... Rxa5 22. bxa5 Na8 (22... Na4 23. Bxa4 bxa4 24. Qb6 Qd6 $8
25. a6 (25. Bg3 Qa3) (25. Nxa4 Nd7 26. Qa6 Ra8 $19) 25... Rb8 26. Qa5 $16) 23.
Nxb5 $1 $16 Qb7 (23... Rb8 24. Qa3) 24. Rb1 Rb8 25. Bg3 Qxb5 26. Bxb8) 22. Bxa4
bxa4 23. Rc5 $5 (23. Ra1 Rxa5 24. bxa5 Qa7 $1 $11) 23... a3 24. Qd2 (24. Qc2 $5
{/\ e4}) 24... Rec8 25. Bh4 g5 26. Bg3 Nd7 27. Ra1 $5 (27. b5 Nxc5 28. dxc5 a2
29. Ra1 Bxb5 30. Nxb5 Rxc5 31. Nc3 Qf6 $13) (27. Rxc6 Rxc6 28. b5 Rcc8 29. Nxd5
$13) (27. Nxd5 $2 Bxd5 28. Rxd5 c3 $17) 27... Nxc5 28. dxc5 Re8 $5 (28... Qb7
29. Rb1 (29. Qd4 Qxb4 30. Qf6 Re8) 29... Qa6 30. Be5) 29. Kf2 Qf6 $6 $138 (
29... Qb7) 30. Ra2 Reb8 31. Bxb8 Rxb8 32. Ne2 $6 (32. b5 $142 $1 Bxb5 33. Nxd5
Qe5 34. Qd4 $1 Qxd4 35. exd4 Bc6 36. Nb6 $1 $16 (36. Ne7+ $4 Kf8 37. Nxc6 Rb2+)
) 32... c3 $8 33. Qxc3 (33. Nxc3 Rxb4 34. Rxa3 Qe5 $13) 33... Qxc3 34. Nxc3
Rxb4 35. Rxa3 Rc4 36. Ne2 Rxc5 37. Nd4 Bd7 38. Ra8+ Kg7 39. Ra7 Bc8 40. g4 Kf6
41. h3 h5 42. gxh5 Bxh3 43. h6 Be6 44. Ra6 (44. Nxe6 fxe6 (44... Kxe6 45. Ra8
$18) 45. h7 Rc8 46. Kg3 Rh8 47. Kg4 Kg6 48. Re7 Kf6 49. Rd7 Kg6 50. e4 Rxh7 $11
) 44... Rc4 45. Ke2 Rc8 46. f4 gxf4 47. exf4 Rh8 48. f5 Ke5 $1 49. fxe6 fxe6
50. Nf3+ Kf6 51. Nd4 Ke5 52. Nxe6 1/2-1/2

[Event "RUS-ch 56th"]
[Site "Krasnoyarsk"]
[Date "2003.09.03"]
[Round "1"]
[White "Shipov, Sergei"]
[Black "Balashov, Yuri S"]
[Result "1-0"]
[WhiteElo "2589"]
[BlackElo "2500"]
[Annotator "Postny,E"]
[PlyCount "117"]
[EventDate "2003.09.03"]
[EventType "swiss"]
[EventRounds "9"]
[EventCountry "RUS"]
[SourceTitle "CBM 098"]
[Source "ChessBase"]
[SourceDate "2004.02.03"]
[SourceVersion "1"]
[SourceVersionDate "2004.02.03"]
[SourceQuality "1"]

1. d4 Nf6 2. c4 e6 3. Nc3 Bb4 4. Qc2 O-O 5. a3 Bxc3+ 6. Qxc3 d6 7. Nf3 a5 8. b3
b6 9. e3 {White is playing not so aggressive, but solid scheme, preparing for
a long-term struggle.} Bb7 10. Be2 Nbd7 11. O-O Ne4 12. Qc2 f5 13. Bb2 Rf6 {
Typical manoeuvre. Black's rook is going to harass white's king.} (13... Ndf6
14. Nd2 Qe8 15. f3 Ng5 16. Bd3 Nh5 17. f4 Nh3+ 18. gxh3 Qg6+ 19. Kf2 Qg2+ 20.
Ke1 Qxh3 21. Be2 Qxh2 22. Bxh5 Qxh5 23. Qd3 $16 {1-0 Semkov,S-Tal,M/Albena
1984/EXT 99 (36)}) (13... Qe7 14. Ne1 Ng5 15. f3 e5 16. Qd2 Ne6 17. d5 Ng5 18.
b4 axb4 19. axb4 Rxa1 20. Bxa1 Ra8 21. Nc2 Nf7 22. Bd3 g6 23. e4 $14 {1/2-1/2
Palatnik,S-Szekely,P/Lvov 1986/EXT 97 (57)}) 14. d5 (14. b4 Rh6 15. Rad1 g5 $6
16. g3 Kf7 17. d5 e5 18. Ne1 $16 {1-0 Tikovsky,A-Sajtar,J/Prague 1943/EXT 98 
(28)}) 14... Rg6 15. Rad1 {This position arised in one of the games of Granda
Zuniga with white's turn to move. He continued Nf3-d4 with the advantage.} e5
16. b4 Qe7 17. Rfe1 (17. Ne1 Qh4 18. f3 Rh6 $1 19. fxe4 $2 (19. h3 $8) 19...
Qxh2+ 20. Kf2 fxe4 21. Qxe4 Nf6 $19) (17. Nd2 $5) 17... Rf8 18. Bf1 Bc8 19. Nd2
{Sooner or later, white has to get rid of black's centralized knight. On the
other hand, black is already well-prepared for the counterplay on the kingside.
} Qh4 20. Nf3 Qh5 21. Qe2 Ndf6 22. Nxe5 $2 {This combination has clear
refutation.} (22. Nd2 Qh4 (22... Ng4 $6 23. h3 Rh6 24. f4 $14) 23. Nf3 Qh5 $11)
22... Qxe2 $2 {Missing much more attractive continuation.} (22... Ng4 $1 23.
Nxg4 (23. h3 dxe5 24. Bxe5 Nexf2 $19) 23... fxg4 24. Rd4 {[%tqu "En","Find the
best attacking continuation.","","","e4g5","Black's attack is irresistible.
White is simply defenseless against the threat 25...Nf3.",10,"g6h6","",0]} Ng5
$1 {Black's attack is irresistible. White is simply defenseless against the
threat 25...Nf3.} (24... Rh6 $2 25. h3 Rxf2 26. Rxe4 Rxe2 27. Bxe2 $13)) 23.
Bxe2 dxe5 24. f3 Nd6 25. Bxe5 {It's hard to evaluate this position. In my
opinion black is slightly better, on the other hand, it's much harder to play
this position as black, also from the psychological point of view.} Nd7 $6 {
Balashov wants to liberate the rook from g6.} ({Probably stronger was} 25...
Re8 26. Bd4 (26. Bf4 $2 Nh5 {[%csl Rf4]}) 26... Ba6 27. Rc1 Kf7) 26. Bf4 Rgf6
$6 (26... Ba6 $142 $13) 27. Rc1 axb4 28. axb4 {White is now ready to play
c4-c5.} h6 29. h4 Ne8 30. c5 bxc5 31. bxc5 Ba6 (31... R6f7 32. Red1 Ndf6 33.
Bc4 $16) 32. c6 Nb8 33. Ra1 (33. Rb1 Bxe2 34. Rxe2 Nxc6 35. dxc6 Rxc6 {is very
similar to the game.}) 33... Bxe2 34. Rxe2 Nxc6 {This sacrifice is practically
forced.} 35. dxc6 Rxc6 36. Ra7 {The position is materially balanced, but white
has significant advantage. His pieces are much more active, and can attack the
weaknesses in opponent's camp.} Rf7 37. Rd2 Re7 38. Rd5 Rf6 39. h5 Kf7 40. Rc5
g5 $6 {Black is losing his patience.} ({Can be recommended} 40... c6) 41. hxg6+
Kxg6 42. Kf2 Rfe6 43. Ra1 $1 {[%mdl 2048] Very nice plan of transfering the
rook to the kingside.} Rd7 44. Rh1 h5 45. Rh3 Rf7 46. Rg3+ Kh7 47. Rg5 Ng7 48.
Be5 {Black is not able to hold his weaknesses anymore.} Rg6 (48... Kh6 $142 {/\
} 49. Rxg7 $2 (49. Rg3 $18) 49... Rxe5 $1) 49. Rxg6 Kxg6 50. Rc6+ Kh7 51. Kg3 {
White's pieces are totally dominating.} Ne8 52. Kf4 Nd6 53. Kg5 Re7 54. Bf4 Kg8
55. Bxd6 $1 {The right time to go for winning rooks endgame.} cxd6 56. Rxd6
Rxe3 57. Kxh5 Re2 58. g3 Re3 59. Kg6 (59. Kg6 Kf8 60. Rf6+ $18 {[%cal Gf6f5]})
1-0

[Event "RUS-ch 56th"]
[Site "Krasnoyarsk"]
[Date "2003.09.10"]
[Round "7"]
[White "Inarkiev, Ernesto"]
[Black "Kiriakov, Petr"]
[Result "0-1"]
[WhiteElo "2582"]
[BlackElo "2553"]
[Annotator "Postny,E"]
[PlyCount "56"]
[EventDate "2003.09.03"]
[EventType "swiss"]
[EventRounds "9"]
[EventCountry "RUS"]
[SourceTitle "CBM 098"]
[Source "ChessBase"]
[SourceDate "2004.02.03"]
[SourceVersion "1"]
[SourceVersionDate "2004.02.03"]
[SourceQuality "1"]

1. d4 e6 2. c4 Nf6 3. Nc3 Bb4 4. Qc2 O-O 5. a3 Bxc3+ 6. Qxc3 Ne4 7. Qc2 f5 8.
e3 {The main alternatives are: 8.Nf3, 8.Nh3 and 8.g3.} b6 9. Nh3 (9. Ne2 {
- see the annotated game Sokolov,I-Van der Wiel,J/Wijk aan Zee 2002/CBM 87 
[Golod,V]}) 9... Bb7 (9... c5 10. f3 Nd6 11. dxc5 bxc5 12. Be2 Qh4+ 13. Nf2 Nc6
14. O-O a5 15. Nd3 Qxc4 16. Qxc4 Nxc4 17. Nxc5 $14 {1/2-1/2 Kaidanov,
G-Shabalov,A/Connecticut 2002/CBM 87 ext (41)}) 10. f3 Qh4+ {Useful check,
since the queen will be quite active on h4.} 11. Nf2 (11. g3 Qe7 12. Bd3 Ng5
13. Nxg5 Qxg5 14. O-O Qh5 15. e4 fxe4 16. Bxe4 Bxe4 17. Qxe4 Nc6 $11 {0-1
Ziegler,A-Kortschnoj,V/Malmo 1996/CBM 54 (68)}) 11... Ng5 $1 $146 (11... Nxf2
12. Qxf2 Qe7 13. Bd3 d6 14. O-O Nd7 15. Qc2 Qf7 16. b4 e5 17. Bb2 Rae8 18. c5
e4 19. Bb5 Bd5 20. f4 c6 21. Be2 b5 $11 {1-0 Vigorito,D-De Firmian,N/
Philadelphia 1997/EXT 2000 (40)}) 12. b3 $4 {White is overlooking the threat.}
({Possible was} 12. Bd3) 12... d6 $4 {Black does not see it either!} (12...
Nxf3+ $1 13. gxf3 Bxf3 14. Rg1 Qxh2 15. Rg5 h6 16. Rg6 Kf7 $19 {[%csl Rg6]})
13. Bb2 $4 {[%mdl 8192] Calmly continuing the development and...losing.} ({
Again} 13. Bd3 {or any other move, which is losing.}) {[%tqu "En","Find the
winning combination.","","","g5f3","Now Kiriakov have noticed the winning
combination and executed it.",12]} 13... Nxf3+ $1 {Now Kiriakov have noticed
the winning combination and executed it.} 14. gxf3 Bxf3 15. Rg1 Qxh2 16. Rg5 h6
17. Rg6 Kf7 {The white rook is simply trapped, and Black remains with decisive
material advantage.} 18. Rxe6 Kxe6 19. c5 (19. d5+ Kd7 20. Bxg7 Rf7 {is also
hopeless for White.}) 19... d5 20. Rc1 c6 21. a4 Rf6 22. b4 Kf7 {Black has big
material advantage for nothing, and the rest of game needs no commentary.} 23.
b5 Kg8 24. Qb3 Re6 25. Nh3 f4 26. Rc3 bxc5 27. dxc5 Nd7 28. bxc6 Nxc5 0-1

[Event "Budapest FS07 GM"]
[Site "Budapest"]
[Date "2003.07.10"]
[Round "6"]
[White "Ovsejevitsch, Sergei"]
[Black "Postny, Evgeny"]
[Result "1/2-1/2"]
[WhiteElo "2497"]
[BlackElo "2499"]
[Annotator "Postny,E"]
[PlyCount "84"]
[EventDate "2003.07.05"]
[EventType "tourn"]
[EventRounds "11"]
[EventCountry "HUN"]
[EventCategory "7"]
[SourceTitle "CBM 095 Extra"]
[Source "ChessBase"]
[SourceDate "2003.09.04"]
[SourceVersion "1"]
[SourceVersionDate "2003.09.04"]
[SourceQuality "1"]

1. d4 Nf6 2. c4 e6 3. Nf3 b6 4. Nc3 Bb7 5. Qc2 Bb4 6. a3 Bxc3+ 7. Qxc3 h6 {
This rare move prevents white's possibility of Bg5.} 8. g3 O-O 9. Bg2 d6 10.
O-O Nbd7 11. b3 (11. b4 Qe7 12. Bb2 Be4 13. Rfe1 {- see the game Grigore,
G-Cosma,I/Bucharest 1998/CBM 69 [Golod,V]}) 11... Re8 $146 {This move has the
same value as 11...Qe7.} (11... Qe7 12. Bb2 Be4 13. Rfd1 Rfc8 14. b4 c5 15.
dxc5 bxc5 16. Rac1 Rab8 17. Qd2 Rb6 18. b5 d5 19. a4 d4 20. a5 Rd6 21. Ba3 e5
$15 {0-1 Ramirez,A-Uralde,O/ARG 2001/EXT 2003 (28)}) 12. Bb2 Be4 13. Rad1 ({
Comes into consideration} 13. Rfe1 {/\14.Bf1 and 15.Nd2.}) 13... Qe7 {This is
a typical position for this opening. White has some more space and a pair of
bishops. On the other black's position is very flexible and out of weaknesses.
Usually black has no problem of equalizing.} 14. Rfe1 Rad8 15. b4 c5 (15... d5
$6 16. c5 $14) 16. dxc5 bxc5 17. Bf1 Nb6 18. Ba1 d5 (18... cxb4 19. axb4 Rc8
20. Nd2 $14) 19. cxd5 cxb4 20. Qxb4 Qxb4 21. axb4 Nfxd5 {[%csl Rb4]} ({More
precise was to take with the other knight} 21... Nbxd5 $11) 22. Rd4 $1 Nf6 23.
Rxd8 Rxd8 24. Nd4 $14 Bb7 25. Rc1 Rc8 26. Rxc8+ Nxc8 {The material has been
radically reduced, but white still keeps some pressure, using his bishops pair.
} 27. f3 Nd5 28. Nc2 Ba6 29. Bd4 f6 30. Bh3 Kf7 31. Kf2 Nc7 32. e4 Bd3 (32...
Nb6 $5 {[%cal Ye6e5]}) 33. Na3 a6 (33... Nb5 $6 34. Ke3 Nxd4 35. Kxd4 Be2 36.
f4 $16 {[%csl Gd4]}) 34. Ke3 Bb5 35. Nxb5 axb5 36. Bf1 {Black's knights are
limited in actions. White's advantage became more clarified now. On the other
hand it should not be enough for a win.} Ke7 37. f4 Nd6 38. h4 Kd7 (38... h5 $2
{[%csl Rh5]} 39. Be2 g6 40. Bxf6+ Kxf6 41. e5+ Ke7 42. exd6+ Kxd6 43. Bd3 $18)
39. g4 $2 {This move spoiles white's advantage.} Nf7 40. Bc5 (40. Bb6 g5 $1 41.
hxg5 hxg5 42. Bxc7 Kxc7 43. fxg5 fxg5 44. Bxb5 e5 $11 {[%cal Yf7d6,Yc7b6]})
40... g5 $11 {Now black is completely safe, since both kingside and queenside
are closed.} 41. h5 e5 42. fxg5 fxg5 1/2-1/2